[Event "Tournoi francophone 015"]
[Site "Skype"]
[Date "????.??.??"]
[Round "1.33"]
[White "Ibanez, Bittor"]
[Black "Moraga Vasquez, Michael"]
[Result "1/2-1/2"]
[WhiteElo "1330"]
[BlackElo "1008"]
[PlyCount "95"]

1. Nf3 Nc6 2. g3 Nf6 3. Bg2 g6 4. c4 Bg7 5. Nc3 O-O 6. d4 d6 7. O-O e5 8. dxe5
dxe5 9. Qxd8 Rxd8 10. Bg5 Re8 11. Bxf6 Bxf6 12. Nd5 Bd8 13. b4 Be6 14. Nd2 Nd4
15. e3 c6 16. exd4 cxd5 17. cxd5 Bf5 18. Rfe1 Bf6 19. Ne4 Be7 20. dxe5 Bxe4 21.
Bxe4 Bxb4 22. Rec1 Rxe5 23. f3 f5 24. Rc4 fxe4 25. Rxb4 exf3 26. d6 Rd5 27. Kf2
Rxd6 28. Rxb7 Rd2+ 29. Kxf3 Rf8+ 30. Ke3 Rxh2 31. Rxa7 Rhf2 32. Re1 R2f3+ 33.
Kd4 Rxg3 34. a4 Rg4+ 35. Kc5 Rxa4 36. Rxa4 h5 37. Rh4 Kh7 38. Kd5 Kh6 39. Ke6
Re8+ 40. Kd5 Rxe1 41. Rf4 Kg5 42. Rf2 h4 43. Kd4 h3 44. Kd3 Kg4 45. Kd2 Ra1 46.
Ke3 Kg3 47. Rf3+ Kg2 48. Rf6 1/2-1/2

[Event "Tournoi francophone 015"]
[Site "Skype"]
[Date "????.??.??"]
[Round "1.34"]
[White "Schnell, Nicolas"]
[Black "Codina, Teresa"]
[Result "0-1"]
[WhiteElo "1003"]
[BlackElo "1310"]
[PlyCount "92"]

1. e4 c5 2. Bc4 d6 3. Nf3 Nc6 4. Bb5 Bd7 5. c3 Nf6 6. Bd3 e6 7. O-O Be7 8. Bc4
Nxe4 9. Bd3 Nf6 10. c4 O-O 11. Ng5 h6 12. Ne4 Nxe4 13. Bxe4 Ne5 14. d4 Nxc4 15.
Qg4 f5 16. Qf3 fxe4 17. Qxe4 cxd4 18. Qxd4 Ne5 19. Nd2 Bc6 20. f3 Bf6 21. Ne4
Nxf3+ 22. Rxf3 Bxd4+ 23. Be3 Bxe3+ 24. Rxe3 Bxe4 25. Rxe4 Qf6 26. h4 d5 27. Re2
Rac8 28. g3 e5 29. Rae1 e4 30. Kh2 b5 31. h5 a5 32. g4 Qf4+ 33. Kg2 Qxg4+ 34.
Kh2 Qxh5+ 35. Kg1 Rf3 36. Rg2 Rcf8 37. Rh2 Qg4+ 38. Rg2 Rg3 39. Ree2 Rxg2+ 40.
Rxg2 Qd1+ 41. Kh2 e3 42. Rg1 Qh5+ 43. Kg2 Rf2+ 44. Kg3 Qg5+ 45. Kh3 Qxg1 46.
Kh4 Rh2# 0-1

[Event "Tournoi francophone 015"]
[Site "Skype"]
[Date "????.??.??"]
[Round "1.37"]
[White "Hargez, Dany"]
[Black "Cassano, Mariangela"]
[Result "1-0"]
[WhiteElo "1296"]
[BlackElo "1000"]
[PlyCount "41"]

1. d4 d5 2. c4 c6 3. Bf4 Bf5 4. e3 Nf6 5. Nf3 g6 6. Bd3 Bg7 7. Bxf5 e6 8. Bg4
Nxg4 9. Ne5 Nf6 10. Nc3 O-O 11. Bg5 Nbd7 12. O-O Nb6 13. b3 Nc8 14. e4 dxe4 15.
Nxe4 Ne7 16. Bxf6 Bxf6 17. Nxf6+ Kg7 18. Qf3 c5 19. Nfg4 cxd4 20. Qf6+ Kg8 21.
Nh6# 1-0

[Event "Tournoi francophone 015"]
[Site "Skype"]
[Date "????.??.??"]
[Round "1.38"]
[White "Castellanos Gonzalez, Mariano"]
[Black "Kruk, Clementine"]
[Result "0-1"]
[WhiteElo "1000"]
[BlackElo "1293"]
[PlyCount "34"]

1. e4 e5 2. Nf3 Nc6 3. Bb5 a6 4. Ba4 Nf6 5. O-O Bc5 6. Re1 O-O 7. Bxc6 dxc6 8.
Nxe5 Qd4 9. Nd3 Bg4 10. Re2 Bxe2 11. Qxe2 Nxe4 12. Nxc5 Nxc5 13. c3 Qd3 14. Qd1
Rfe8 15. Na3 Re2 16. b4 Rae8 17. Nc2 Qxc2 0-1

[Event "Tournoi francophone 015"]
[Site "Skype"]
[Date "????.??.??"]
[Round "1.39"]
[White "Sauvaget, Joel"]
[Black "Colangelo, Michele"]
[Result "1/2-1/2"]
[WhiteElo "1290"]
[BlackElo "1000"]
[PlyCount "51"]

1. d4 d5 2. c4 Nf6 3. e3 e6 4. a3 Be7 5. Nf3 O-O 6. Nc3 a6 7. Be2 Nbd7 8. O-O
Nb6 9. c5 Nbd7 10. b4 c6 11. Bb2 b5 12. cxb6 Nxb6 13. Rc1 Bb7 14. Na4 Nfd7 15.
Nc5 Nxc5 16. dxc5 Nd7 17. Ne5 Nxe5 18. Bxe5 Bf6 19. Bxf6 Qxf6 20. Qb3 Rad8 21.
Bf3 e5 22. Rfd1 e4 23. Be2 g6 24. Rd4 Bc8 25. Qd1 Rd7 26. Bg4 1/2-1/2

[Event "Tournoi francophone 015"]
[Site "Skype"]
[Date "????.??.??"]
[Round "1.40"]
[White "Hampton, Irene"]
[Black "Yepes Bermudez, Maribel"]
[Result "0-1"]
[WhiteElo "1000"]
[BlackElo "1287"]
[PlyCount "70"]

1. d4 d5 2. Nf3 Nf6 3. Bf4 Bf5 4. e3 e6 5. Bd3 Bg6 6. O-O c5 7. c3 Nc6 8. Nbd2
cxd4 9. cxd4 Bxd3 10. Re1 h6 11. Nb3 Be4 12. Ne5 Bb4 13. Rf1 O-O 14. f3 Bh7 15.
a3 Ba5 16. Nc5 Nh5 17. Nxe6 fxe6 18. Bxh6 Nxe5 19. dxe5 gxh6 20. Qd4 Bb6 21.
Qg4+ Ng7 22. Rae1 Rc8 23. f4 Rc2 24. Rf3 Rxb2 25. Rg3 Rf7 26. h4 Bf5 27. Qh5
Qe7 28. Qxh6 Ra2 29. Kh2 Rxa3 30. Rc1 Bxe3 31. Rc8+ Rf8 32. Qxg7+ Qxg7 33. Rc7
Bxf4 34. Rcxg7+ Kh8 35. Kg1 Rxg3 0-1

[Event "Tournoi francophone 015"]
[Site "Skype"]
[Date "????.??.??"]
[Round "1.41"]
[White "Bucherie, Volcy"]
[Black "Rodgerson, Michael"]
[Result "1-0"]
[WhiteElo "1274"]
[BlackElo "1000"]
[PlyCount "47"]

1. Nf3 d5 2. g3 Qd6 3. Bg2 Bd7 4. O-O Nc6 5. d4 e5 6. dxe5 Nxe5 7. Bf4 Be7 8.
Nxe5 O-O-O 9. Nxf7 Nf6 10. Nxd6+ Bxd6 11. Bxd6 g6 12. Be5 Rdf8 13. Qd4 Rhg8 14.
Qxa7 Bb5 15. Qa8+ Kd7 16. Qxb7 Rb8 17. Qxc7+ Ke6 18. Nc3 h5 19. h4 Ba4 20. Nxa4
g5 21. Nc5+ Kf5 22. Bxf6 Rg6 23. Qe5+ Kg4 24. f3# 1-0

[Event "Tournoi francophone 015"]
[Site "Skype"]
[Date "????.??.??"]
[Round "1.42"]
[White "Rodier, Marc"]
[Black "Vervoort, Jean-Louis"]
[Result "1-0"]
[WhiteElo "1000"]
[BlackElo "1273"]
[PlyCount "67"]

1. e4 e5 2. Nf3 f6 3. Bc4 Bc5 4. O-O Nh6 5. d4 exd4 6. Nxd4 Nc6 7. Nxc6 bxc6 8.
Qh5+ Kf8 9. Bxh6 Qe8 10. Qxe8+ Kxe8 11. Bxg7 Rf8 12. Bxf8 Kxf8 13. Nc3 d6 14.
Na4 Bd4 15. c3 Be5 16. f4 Bxc3 17. bxc3 c5 18. Bd5 Rb8 19. Rab1 Rxb1 20. Rxb1
Bd7 21. Nb2 c6 22. Bc4 f5 23. exf5 Bxf5 24. Bd3 Be6 25. Bxh7 Bxa2 26. Ra1 Bd5
27. Rxa7 c4 28. h4 c5 29. h5 Bc6 30. Nxc4 d5 31. Ne5 Bb5 32. Bg6 Kg8 33. h6 Kh8
34. Ra8+ 1-0

[Event "Tournoi francophone 015"]
[Site "Skype"]
[Date "????.??.??"]
[Round "1.43"]
[White "Moumtaz, Abderrahim"]
[Black "Trapletti, Cosetta"]
[Result "1-0"]
[WhiteElo "1260"]
[BlackElo "1000"]
[PlyCount "43"]

1. d4 d5 2. c4 dxc4 3. e4 e6 4. Bxc4 c5 5. Nf3 Nf6 6. Nc3 Nc6 7. Bb5 cxd4 8.
Nxd4 Bd7 9. Nxc6 bxc6 10. Bd3 Bd6 11. Qe2 c5 12. e5 Bc7 13. exf6 Qxf6 14. Ne4
Qe5 15. Ng3 Qf6 16. O-O O-O 17. Qc2 g6 18. Be4 Kg7 19. Bxa8 Rxa8 20. Bd2 Qh4
21. Qe4 Rb8 22. Qxh4 1-0

[Event "Tournoi francophone 015"]
[Site "Skype"]
[Date "????.??.??"]
[Round "2.1"]
[White "Briere, Jean"]
[Black "Blasco, Raul"]
[Result "0-1"]
[WhiteElo "1377"]
[BlackElo "1978"]
[PlyCount "52"]

1. e4 e5 2. Nf3 Nc6 3. Bc4 Bc5 4. d3 h6 5. O-O Nf6 6. Be3 Bb6 7. Nc3 O-O 8. h3
d6 9. a3 Be6 10. Nd5 Bxd5 11. exd5 Ne7 12. Bxb6 axb6 13. Re1 Nexd5 14. Bxd5
Nxd5 15. g3 Qf6 16. c4 Ne7 17. d4 exd4 18. Nxd4 Nc6 19. Nxc6 bxc6 20. Qc2 Rfe8
21. Kf1 Re6 22. Rxe6 Qxe6 23. Kg2 Re8 24. g4 Qe2 25. Qxe2 Rxe2 26. b4 Rc2 0-1

[Event "Tournoi francophone 015"]
[Site "Skype"]
[Date "????.??.??"]
[Round "2.2"]
[White "Hilton, Stephen"]
[Black "Bourdeau, Yvan"]
[Result "1-0"]
[WhiteElo "1865"]
[BlackElo "1383"]
[PlyCount "41"]

1. d4 d5 2. c4 c6 3. Nf3 Nf6 4. e3 Bf5 5. Qb3 Qb6 6. c5 Qc7 7. Nc3 Nbd7 8. Be2
e6 9. O-O h6 10. Qa4 Be7 11. b4 a6 12. b5 O-O 13. b6 Qb8 14. Qb3 e5 15. Bb2 e4
16. Nd2 Ng4 17. Bxg4 Bxg4 18. h3 Bh5 19. Rfe1 f5 20. Nxd5 Bf7 21. Nxe7+ 1-0

[Event "Tournoi francophone 015"]
[Site "Skype"]
[Date "????.??.??"]
[Round "2.3"]
[White "Scata, Laura"]
[Black "Deville, Olivier"]
[Result "0-1"]
[WhiteElo "1366"]
[BlackElo "1807"]
[PlyCount "58"]

1. d4 Nf6 2. Nf3 e6 3. Bf4 c5 4. c3 Nc6 5. e3 Nh5 6. Bg3 Nxg3 7. hxg3 d5 8. Bd3
g6 9. e4 cxd4 10. exd5 Qxd5 11. cxd4 Bg7 12. Nc3 Qd8 13. d5 Bxc3+ 14. bxc3 Qxd5
15. Bc4 Qxc4 16. Qc2 Bd7 17. Rb1 b6 18. Rh4 Qc5 19. Nd2 Ne5 20. Ne4 Qe7 21. Rh3
Bc6 22. f3 Rd8 23. Kf2 Bxe4 24. Qxe4 Qd6 25. Qe2 Qd2 26. Rhh1 Qxe2+ 27. Kxe2
O-O 28. Rb5 Nc6 29. Rbb1 Rd7 0-1

[Event "Tournoi francophone 015"]
[Site "Skype"]
[Date "????.??.??"]
[Round "2.4"]
[White "Caputi, Giuliano"]
[Black "Amato, Ludovica"]
[Result "1-0"]
[WhiteElo "1782"]
[BlackElo "1346"]
[PlyCount "85"]

1. d4 d5 2. c4 c6 3. Nc3 dxc4 4. e4 b5 5. a4 b4 6. Nb1 Ba6 7. Ne2 Nf6 8. f3 e6
9. Be3 Nbd7 10. Nc1 c5 11. b3 cxd4 12. Bxd4 Qc7 13. Qc2 Rc8 14. Qf2 Bd6 15. g4
h6 16. Bxa7 O-O 17. Nd2 Ne5 18. Bd4 Bc5 19. bxc4 Bxd4 20. Qxd4 Bxc4 21. Bxc4
Nxc4 22. Nxc4 Qxc4 23. Qxc4 Rxc4 24. Kf2 Ra8 25. Rd1 Rc3 26. Rd3 Rac8 27. Rxc3
Rxc3 28. Rb1 Rc4 29. a5 Nd7 30. Nd3 Rc2+ 31. Ke3 Ra2 32. Rxb4 Rxa5 33. Kd4 Kf8
34. Rb7 Nf6 35. Ne5 Ra4+ 36. Ke3 Ra3+ 37. Kf2 Ra5 38. Nxf7 Ra2+ 39. Kg3 Ra3 40.
Kf4 Ra5 41. h4 h5 42. g5 Ng8 43. Ne5 1-0

[Event "Tournoi francophone 015"]
[Site "Skype"]
[Date "????.??.??"]
[Round "2.5"]
[White "Legueltel, Daniel"]
[Black "Marino, Giuseppe"]
[Result "1/2-1/2"]
[WhiteElo "1753"]
[BlackElo "1339"]
[PlyCount "66"]

1. d4 d5 2. c4 c6 3. cxd5 Qxd5 4. Nc3 Qd8 5. Nf3 e6 6. e4 Bd6 7. Bd3 Ne7 8. Be3
Bb4 9. O-O Bd6 10. Qc2 Ng6 11. Rad1 Nf4 12. Bc4 Ng6 13. a3 Be7 14. Rd2 Nh4 15.
Nxh4 Bxh4 16. Rfd1 Bg5 17. Bxg5 Qxg5 18. d5 O-O 19. Qb3 b5 20. Be2 a6 21. Bf3
Rd8 22. d6 e5 23. Qc2 Bg4 24. Bxg4 Qxg4 25. Rd3 Nd7 26. Ne2 Rac8 27. h3 Qxe4
28. Ng3 Qg6 29. Qc3 e4 30. Re3 Re8 31. Qd4 c5 32. Qd5 Qe6 33. Qxe6 Rxe6 1/2-1/2

[Event "Tournoi francophone 015"]
[Site "Skype"]
[Date "????.??.??"]
[Round "2.6"]
[White "Pouteau, Pascal"]
[Black "Rapaire, Jean-Michel"]
[Result "0-1"]
[WhiteElo "1345"]
[BlackElo "1739"]
[PlyCount "78"]

1. d4 b6 2. Nf3 Bb7 3. e3 Nf6 4. Bb5 a6 5. Bd3 e6 6. O-O Be7 7. Re1 d5 8. Nc3
O-O 9. h3 Nbd7 10. Qe2 c5 11. b3 cxd4 12. exd4 Qc7 13. Bb2 Bb4 14. Qd2 Rac8 15.
a3 Bxc3 16. Bxc3 Qxc3 17. Qf4 Ne4 18. Rad1 Qc7 19. Qh4 Qd8 20. Qf4 Ndf6 21. c4
Qd6 22. Qc1 Nh5 23. Ne5 f6 24. Bxe4 dxe4 25. Ng4 Nf4 26. Qe3 h5 27. Nh2 g5 28.
Kf1 Nd3 29. Rxd3 exd3 30. Qxd3 Kg7 31. Nf3 Bxf3 32. gxf3 Rcd8 33. Qe3 Rfe8 34.
Rd1 Qh2 35. f4 Qxf4 36. Qe2 Rxd4 37. Rxd4 Qxd4 38. Qxh5 Rd8 39. Qe2 Qd1+ 0-1

[Event "Tournoi francophone 015"]
[Site "Skype"]
[Date "????.??.??"]
[Round "2.7"]
[White "Meyer, Eric"]
[Black "Gharbi, Said"]
[Result "1-0"]
[WhiteElo "1664"]
[BlackElo "1335"]
[PlyCount "53"]

1. d4 e5 2. dxe5 Nc6 3. Nf3 Qe7 4. Nc3 Nxe5 5. Nxe5 Qxe5 6. g3 d5 7. Bf4 Qe6 8.
Nxd5 Bd6 9. Nxc7+ Bxc7 10. Bxc7 Bd7 11. Bg2 Bc6 12. f3 Rc8 13. Ba5 Nf6 14. Bd2
Rd8 15. O-O Nd5 16. e4 Ne3 17. Qe2 Nxf1 18. Bxf1 a6 19. Bb4 Ba4 20. Qf2 Bxc2
21. Qxc2 Rc8 22. Qa4+ Rc6 23. Rd1 b5 24. Qa5 Qc8 25. a4 bxa4 26. Qxa4 f6 27.
Rd6 1-0

[Event "Tournoi francophone 015"]
[Site "Skype"]
[Date "????.??.??"]
[Round "2.8"]
[White "Le Brun, Yves"]
[Black "Lambert, Pierre"]
[Result "0-1"]
[WhiteElo "1335"]
[BlackElo "1647"]
[PlyCount "110"]

1. d4 Nf6 2. Bf4 d5 3. Nd2 e6 4. Ngf3 c5 5. c3 Nc6 6. e3 Be7 7. Be2 O-O 8. O-O
a6 9. a3 Bd7 10. Qc2 cxd4 11. exd4 Rc8 12. Ne5 Nxd4 13. Qd1 Nxe2+ 14. Qxe2 Bb5
15. Nd3 Bd6 16. Bxd6 Qxd6 17. a4 Ng4 18. g3 Bxd3 19. Qxd3 Ne5 20. Qe2 Nc4 21.
Nxc4 Rxc4 22. Rfd1 Qc6 23. Rd4 Rc8 24. Qd3 Rxd4 25. Qxd4 Qc5 26. Qxc5 Rxc5 27.
Kg2 Kf8 28. Kf3 Ke7 29. Ke3 Rc4 30. Kd3 e5 31. b3 Rc6 32. Re1 Re6 33. c4 dxc4+
34. Kxc4 f6 35. Re3 Rc6+ 36. Kd3 Rd6+ 37. Kc4 Kd7 38. a5 Kc6 39. Kb4 Rd4+ 40.
Ka3 Kb5 41. Rc3 Kxa5 42. Rc7 Kb6 43. Rxg7 Rd2 44. Rxh7 Rxf2 45. Rh4 Kc6 46. h3
Rf3 47. Rg4 b5 48. h4 a5 49. Kb2 Kd5 50. h5 Rf2+ 51. Kc1 Rh2 52. Rh4 Rxh4 53.
gxh4 Ke6 54. Kd2 Kf7 55. Ke3 Kg7 0-1

[Event "Tournoi francophone 015"]
[Site "Skype"]
[Date "????.??.??"]
[Round "2.9"]
[White "Megelas, Florent"]
[Black "Hargez, Dany"]
[Result "1-0"]
[WhiteElo "1539"]
[BlackElo "1296"]
[PlyCount "61"]

1. e4 e5 2. Nf3 d6 3. d4 Nf6 4. Nc3 Bg4 5. Be2 Bxf3 6. Bxf3 c6 7. dxe5 dxe5 8.
Qxd8+ Kxd8 9. O-O Bc5 10. Be3 Bb6 11. Rad1+ Ke7 12. Be2 Nbd7 13. h3 Rhe8 14.
Bxb6 axb6 15. a3 Rad8 16. f3 Kf8 17. Bc4 h6 18. Rd6 Nb8 19. Rfd1 Rxd6 20. Rxd6
Nbd7 21. Kf2 Ke7 22. Rd1 Nf8 23. Bb3 Ne6 24. Bxe6 fxe6 25. Na4 b5 26. Nc5 Rd8
27. Rxd8 Kxd8 28. Nxe6+ Ke7 29. Nxg7 Kf7 30. Nf5 h5 31. Nd6+ 1-0

[Event "Tournoi francophone 015"]
[Site "Skype"]
[Date "????.??.??"]
[Round "2.10"]
[White "Codina, Teresa"]
[Black "Leyton Calderon, Jairo Oswaldo"]
[Result "0-1"]
[WhiteElo "1310"]
[BlackElo "1526"]
[PlyCount "48"]

1. d4 Nf6 2. Nf3 g6 3. c3 Bg7 4. Bg5 O-O 5. e3 d6 6. Be2 Nbd7 7. O-O h6 8. Bxf6
Nxf6 9. Nbd2 Be6 10. b3 c5 11. Rc1 Rc8 12. h3 Qa5 13. a4 cxd4 14. cxd4 Rxc1 15.
Qxc1 Rc8 16. Qd1 Nd5 17. Nc4 Qb4 18. Qd2 Qxb3 19. a5 Nc3 20. Bd3 Bxc4 21. Bxc4
Qxc4 22. Re1 Ne4 23. Rc1 Nxd2 24. Rxc4 Nxc4 0-1

[Event "Tournoi francophone 015"]
[Site "Skype"]
[Date "????.??.??"]
[Round "2.11"]
[White "Hurtado De Mendoza, Ramon Miguel"]
[Black "Bucherie, Volcy"]
[Result "1-0"]
[WhiteElo "1487"]
[BlackElo "1274"]
[PlyCount "41"]

1. e4 c6 2. d4 d5 3. exd5 cxd5 4. c4 Nf6 5. Nc3 e6 6. Nf3 Nc6 7. a3 a6 8. Bd3
Bd6 9. O-O O-O 10. Re1 Qb6 11. c5 Bxc5 12. Na4 Qa5 13. Nxc5 Nxd4 14. b4 Nxf3+
15. Qxf3 Qc7 16. Bb2 b6 17. Nb3 b5 18. Bxf6 gxf6 19. Qxf6 e5 20. Rxe5 Bb7 21.
Rg5# 1-0

[Event "Tournoi francophone 015"]
[Site "Skype"]
[Date "????.??.??"]
[Round "2.13"]
[White "Vasquez Cienfuegos, Oscar"]
[Black "Moumtaz, Abderrahim"]
[Result "0-1"]
[WhiteElo "1470"]
[BlackElo "1260"]
[PlyCount "104"]

1. Nf3 Nf6 2. c4 c6 3. Nc3 d5 4. e3 Bf5 5. d4 h6 6. cxd5 cxd5 7. Bd3 Bxd3 8.
Qxd3 e6 9. a3 Be7 10. O-O O-O 11. Re1 Nc6 12. Bd2 a6 13. Rac1 Rc8 14. h3 Re8
15. e4 dxe4 16. Nxe4 Nxe4 17. Qxe4 Bf6 18. Bc3 Qd5 19. Qxd5 exd5 20. Kf1 Rxe1+
21. Rxe1 Ne7 22. g4 g5 23. Ne5 Ng6 24. Nxg6 fxg6 25. Re6 Kf7 26. Rd6 Rd8 27.
Rxd8 Bxd8 28. Ke2 Ke6 29. Kd3 Bf6 30. a4 b6 31. b3 a5 32. Bd2 h5 33. f4 gxf4
34. Bxf4 hxg4 35. hxg4 g5 36. Bc7 Be7 37. Bxb6 Bb4 38. Bc5 Kd7 39. Kc2 Bxc5 40.
dxc5 Kc6 41. Kc3 Kxc5 42. Kc2 Kb4 43. Kb2 d4 44. Kc2 Kc5 45. Kd3 Kb4 46. Kxd4
Kxb3 47. Ke5 Kxa4 48. Kf5 Kb3 49. Kxg5 a4 50. Kh5 a3 51. g5 a2 52. g6 a1=Q 0-1

[Event "Tournoi francophone 015"]
[Site "Skype"]
[Date "????.??.??"]
[Round "2.14"]
[White "Cengiz, Ali Ekber"]
[Black "Farfallini, Michel"]
[Result "1-0"]
[WhiteElo "1299"]
[BlackElo "1446"]
[PlyCount "41"]

1. e4 e5 2. Nf3 Nc6 3. Bc4 Bc5 4. c3 Nf6 5. d4 exd4 6. Nxd4 Nxe4 7. Be3 Na5 8.
Bd5 Nf6 9. b4 Nxd5 10. bxc5 Nxe3 11. fxe3 Qh4+ 12. g3 Qe4 13. O-O Qxe3+ 14. Rf2
O-O 15. Nf5 Qxc5 16. Qg4 g6 17. Qg5 Qb6 18. Nd2 Nc6 19. Ne4 Nd8 20. Qh6 gxf5
21. Nf6+ 1-0

[Event "Tournoi francophone 015"]
[Site "Skype"]
[Date "????.??.??"]
[Round "2.15"]
[White "Ortiz, Vladimir"]
[Black "Guillaume, Mickael"]
[Result "1/2-1/2"]
[WhiteElo "1443"]
[BlackElo "1106"]
[PlyCount "169"]

1. d4 d5 2. Bf4 Nf6 3. c3 e6 4. Nd2 Bd6 5. Bxd6 Qxd6 6. Ngf3 Nc6 7. e3 e5 8.
dxe5 Nxe5 9. Nxe5 Qxe5 10. Nf3 Qd6 11. h3 O-O 12. Be2 Bf5 13. Bd3 Ne4 14. Bxe4
Bxe4 15. O-O c6 16. Nd2 Qg6 17. Nxe4 Qxe4 18. Re1 Rad8 19. Rc1 b5 20. Qd4 Qxd4
21. cxd4 Rd6 22. Rc5 Re8 23. Rec1 Rc8 24. b3 a6 25. a4 f5 26. axb5 axb5 27.
Rxb5 Kf7 28. Rb7+ Kf6 29. b4 Re8 30. Rc3 h6 31. Rb6 Ree6 32. f4 g5 33. g3 gxf4
34. gxf4 Ke7 35. Kf2 Kd8 36. Rb7 Kc8 37. Rf7 Rf6 38. Rxf6 Rxf6 39. b5 Kb7 40.
bxc6+ Rxc6 41. Rxc6 Kxc6 42. Kg3 Kb5 43. Kh4 Kc4 44. Kh5 Kd3 45. Kxh6 Kxe3 46.
Kg5 Kxd4 47. h4 Ke4 48. h5 d4 49. h6 d3 50. h7 d2 51. h8=Q d1=Q 52. Qe5+ Kf3
53. Kxf5 Qd3+ 54. Kg5 Qd8+ 55. Kh5 Qd1 56. f5 Qh1+ 57. Kg6 Qg2+ 58. Kf7 Qa2+
59. Qe6 Qa7+ 60. Qe7 Qa2+ 61. Kg7 Kf4 62. f6 Qa1 63. Kf8 Qa8+ 64. Qe8 Qa3+ 65.
Kg7 Qb2 66. Kf7 Qb6 67. Kg7 Qb2 68. Qg6 Kf3 69. Kh7 Qh2+ 70. Kg8 Qb8+ 71. Kg7
Qe5 72. Qd3+ Kf4 73. Qf1+ Kg3 74. Qd3+ Kf4 75. Qd2+ Kf5 76. Qf2+ Ke6 77. Qb6+
Kf5 78. Qb1+ Kf4 79. Qb4+ Kg5 80. Qe7 Qd4 81. Kf7 Qc4+ 82. Qe6 Qd4 83. Ke7 Qc5+
84. Kf7 Qd4 85. Ke7 1/2-1/2

[Event "Tournoi francophone 015"]
[Site "Skype"]
[Date "????.??.??"]
[Round "2.17"]
[White "Yepes Bermudez, Maribel"]
[Black "Ambrosino, Theo"]
[Result "0-1"]
[WhiteElo "1287"]
[BlackElo "1412"]
[PlyCount "74"]

1. e4 d5 2. exd5 Qxd5 3. Nc3 Qa5 4. d4 Nf6 5. Bd2 Bf5 6. h3 c6 7. Nf3 Nbd7 8.
Be2 Qc7 9. Bc4 e6 10. Qe2 O-O-O 11. Ne5 Nxe5 12. dxe5 Nd7 13. Bf4 h5 14. a3 Be7
15. O-O-O g5 16. Bg3 h4 17. Bh2 Rdg8 18. Rd2 g4 19. hxg4 Rxg4 20. f3 Rgg8 21.
Kb1 Bg5 22. f4 Be7 23. Rf1 Bg4 24. Qe1 Qb6 25. Bg1 Qa5 26. Bd3 Bxa3 27. bxa3
Qxc3 28. Bxa7 c5 29. Bb5 Qxa3 30. Rxd7 Qxa7 31. Qc3 Qb6 32. Qb2 Be2 33. Rd6
Qxb5 34. Qxb5 Bxb5 35. Rg1 h3 36. Rb6 Bc6 37. g3 h2 0-1

[Event "Tournoi francophone 015"]
[Site "Skype"]
[Date "????.??.??"]
[Round "2.18"]
[White "Ruiz Aguilera, Juan Jesus"]
[Black "Harmelle, Dominique"]
[Result "1-0"]
[WhiteElo "1083"]
[BlackElo "1402"]
[PlyCount "79"]

1. e4 c5 2. d4 cxd4 3. Qxd4 Nc6 4. Qa4 e6 5. Nf3 Nf6 6. e5 Nd5 7. c3 Be7 8. Bc4
Nb6 9. Qb3 Nxc4 10. Qxc4 Qc7 11. Nd4 Qxe5+ 12. Qe2 Qa5 13. Nxc6 bxc6 14. Qc2
Ba6 15. Bf4 O-O 16. Nd2 d5 17. Nb3 Qd8 18. Be3 Qc7 19. Bc5 Qe5+ 20. Kd2 Qe2+
21. Kc1 Bg5+ 22. Nd2 Rfd8 23. Rd1 Bd3 24. Qa4 Bb5 25. Qb4 a5 26. Qb3 Rdb8 27.
Bd6 Rd8 28. a4 Bc4 29. Qb7 Ra6 30. Be7 Bxd2+ 31. Rxd2 Qe1+ 32. Rd1 Qxf2 33.
Bxd8 Qe3+ 34. Rd2 Qe1+ 35. Rd1 Qe3+ 36. Kc2 Qe2+ 37. Rd2 Qe4+ 38. Kd1 Qf4 39.
Bg5 Qxg5 40. Qc8+ 1-0

[Event "Tournoi francophone 015"]
[Site "Skype"]
[Date "????.??.??"]
[Round "2.19"]
[White "Couto, Januario"]
[Black "Fernandez, Raquel"]
[Result "1-0"]
[WhiteElo "1387"]
[BlackElo "1038"]
[PlyCount "81"]

1. e4 e5 2. Nf3 Nc6 3. Bb5 Bc5 4. O-O d6 5. h3 Nf6 6. d4 exd4 7. Nxd4 Bxd4 8.
Qxd4 O-O 9. Bxc6 bxc6 10. Bg5 Ba6 11. Re1 c5 12. Qa4 Qc8 13. Bxf6 gxf6 14. Nc3
c6 15. Rad1 Rd8 16. Re3 Bb5 17. Qb3 Rb8 18. Rg3+ Kf8 19. Nxb5 Rxb5 20. Qf3 Qe6
21. b3 Ra5 22. a4 d5 23. Qc3 Ra6 24. Qxc5+ Qe7 25. Rg8+ Kxg8 26. Qxe7 Rf8 27.
exd5 Kg7 28. Qd6 Rc8 29. dxc6 Raxc6 30. Qg3+ Kf8 31. c4 Rb6 32. Rd6 Rcb8 33.
Rxb6 Rxb6 34. Qc3 h5 35. c5 Rc6 36. b4 a6 37. b5 axb5 38. axb5 Re6 39. c6 Ke8
40. b6 Kd8 41. Qd4+ 1-0

[Event "Tournoi francophone 015"]
[Site "Skype"]
[Date "????.??.??"]
[Round "2.20"]
[White "Sequeda Pimiento, Javier Ricardo"]
[Black "Rodier, Marc"]
[Result "0-1"]
[WhiteElo "1419"]
[BlackElo "1000"]
[PlyCount "176"]

1. e4 c5 2. Nf3 d6 3. d4 cxd4 4. Nxd4 Nf6 5. Nc3 g6 6. Nf3 Bg7 7. e5 Nfd7 8.
exd6 e6 9. Bg5 Qa5 10. Qd3 Ne5 11. Nxe5 Bxe5 12. Qb5+ Qxb5 13. Bxb5+ Bd7 14.
Bxd7+ Nxd7 15. Be7 Bf6 16. Nb5 Bxe7 17. Nc7+ Kd8 18. Nxa8 Bxd6 19. O-O-O Ke7
20. Rd3 Rxa8 21. Rhd1 Bf4+ 22. Kb1 Nf6 23. g3 Rc8 24. gxf4 Nd5 25. Rd4 b5 26.
a3 a5 27. c3 a4 28. h4 h5 29. Kc2 Kf6 30. Rg1 Rc7 31. b3 axb3+ 32. Kxb3 Rxc3+
33. Kb2 Rh3 34. f5 Kxf5 35. Rg5+ Kf6 36. Rg3 Rh2 37. Rd2 Rxh4 38. Rf3+ Ke7 39.
Rc2 Ra4 40. Rc5 b4 41. axb4 Rxb4+ 42. Ka3 Rb7 43. Rc8 f5 44. Rh8 Kf6 45. Rf8+
Rf7 46. Re8 Re7 47. Rd8 h4 48. Kb3 g5 49. Rh3 Ke5 50. Rg8 Kf4 51. Rh2 e5 52.
Rg2 g4 53. Rh8 h3 54. Rh2 e4 55. Rh4 Rf7 56. R2xh3 Ke5 57. Rg3 e3 58. fxe3 Ke4
59. Rh6 Re7 60. Rg1 Nxe3 61. Re1 Kf3 62. Rh2 f4 63. Kc3 g3 64. Rh3 Kf2 65. Kd2
Rc7 66. Re2+ Kf3 67. Rxg3+ fxg3 68. Rxe3+ Kg2 69. Re2+ Kh3 70. Re3 Kh2 71. Rxg3
Kxg3 72. Ke3 Rc4 73. Kd3 Rf4 74. Ke3 Kg4 75. Ke2 Rf3 76. Kd2 Kf4 77. Ke2 Ke4
78. Kd2 Re3 79. Kc2 Rd3 80. Kb2 Kd4 81. Kc2 Kc4 82. Kc1 Kc3 83. Kb1 Rd2 84. Kc1
Rh2 85. Kd1 Kd3 86. Ke1 Rd2 87. Kf1 Ke3 88. Ke1 Kd3 0-1

[Event "Tournoi francophone 015"]
[Site "Skype"]
[Date "????.??.??"]
[Round "2.21"]
[White "Moraga Vasquez, Michael"]
[Black "Elias, Roberto"]
[Result "0-1"]
[WhiteElo "1008"]
[BlackElo "1782"]
[PlyCount "92"]

1. e4 d5 2. exd5 Nf6 3. Nc3 Nxd5 4. Nxd5 Qxd5 5. Nf3 e5 6. d4 e4 7. Nd2 Qxd4 8.
c3 Qe5 9. Bc4 Bc5 10. Qe2 e3 11. fxe3 Qxe3 12. Qxe3+ Bxe3 13. Nf3 Bc5 14. b4
Bb6 15. Ne5 Be6 16. Bb5+ c6 17. Ba4 Nd7 18. Ba3 Nxe5 19. Rd1 O-O 20. Bc2 Nc4
21. Bc1 Rad8 22. Rxd8 Rxd8 23. h4 Be3 24. Bxe3 Nxe3 25. Ba4 b5 26. Bxb5 cxb5
27. g4 Rd1+ 28. Ke2 Rxh1 29. Kxe3 Rxh4 30. g5 Bxa2 31. Kf3 Rc4 32. Ke3 Rxc3+
33. Kd4 Rc4+ 34. Ke5 Rxb4 35. g6 f6+ 36. Kd6 Re4 37. gxh7+ Kxh7 38. Kc6 b4 39.
Kb5 b3 40. Kc5 b2 41. Kc6 Re6+ 42. Kc5 b1=Q 43. Kd4 Qe4+ 44. Kc5 Rc6+ 45. Kb5
Qc4+ 46. Ka5 Ra6# 0-1

[Event "Tournoi francophone 015"]
[Site "Skype"]
[Date "????.??.??"]
[Round "2.22"]
[White "Colangelo, Michele"]
[Black "Ibanez, Bittor"]
[Result "1-0"]
[WhiteElo "1000"]
[BlackElo "1330"]
[PlyCount "81"]

1. c4 e5 2. Nc3 Nf6 3. e3 b6 4. Nf3 e4 5. Ng1 Bb7 6. d3 Bb4 7. Bd2 exd3 8. Nf3
Bxc3 9. Bxc3 Be4 10. Bxd3 c5 11. O-O d5 12. Ng5 Bxd3 13. Qxd3 Ne4 14. Nxe4 dxe4
15. Qxe4+ Qe7 16. Qxa8 O-O 17. Qf3 Nd7 18. Qg3 Nf6 19. Rfe1 g6 20. Bxf6 Qxf6
21. e4 Qxb2 22. a3 b5 23. Rab1 Qd4 24. Rxb5 Qxc4 25. Rb8 a5 26. Rxf8+ Kxf8 27.
Qe3 a4 28. Qc1 Qd4 29. Rd1 Qxe4 30. Qxc5+ Kg7 31. Qd4+ Qxd4 32. Rxd4 Kf6 33.
Rxa4 Ke6 34. Re4+ Kd6 35. a4 Kc6 36. f3 Kb6 37. Kf2 Ka6 38. Re5 f6 39. Rb5 h5
40. h4 f5 41. Ke3 1-0

[Event "Tournoi francophone 015"]
[Site "Skype"]
[Date "????.??.??"]
[Round "2.23"]
[White "Trivedi, Viral"]
[Black "Sauvaget, Joel"]
[Result "1-0"]
[WhiteElo "1230"]
[BlackElo "1290"]
[PlyCount "27"]

1. b3 Nf6 2. Bb2 e6 3. Nf3 Be7 4. c4 c6 5. Nc3 d5 6. cxd5 exd5 7. Qc2 O-O 8. e4
dxe4 9. Nxe4 Nxe4 10. Qxe4 Nd7 11. Bd3 Nf6 12. Bxf6 g6 13. Bxe7 Qxe7 14. Qxe7
1-0